| 000 | 00744nam a22002177a 4500 | ||
|---|---|---|---|
| 008 | 151110b xxu||||| |||| 00| 0 eng d | ||
| 020 | _a9780073051918 (acidfree paper) | ||
| 020 | _a0073051918 (acidfree paper) | ||
| 041 | 0 | _aeng | |
| 080 | _a514.11 | ||
| 100 | 1 | _aHoffmann, Laurence D., | |
| 245 | 1 | 0 |
_aApplied Calculus : _cLaurence D. Hoffman; Gerald L. Bradley; |
| 246 | 3 | 0 | _aCalculus |
| 250 |
_a9th ed. / _bLaurence D. Hoffmann, Gerald L. Bradley, with Kenneth H. Rosen. |
||
| 260 |
_aBoston : _bMcGraw-Hill, _c2007. |
||
| 300 |
_axxx, 758 f. : _bme il.; _c26 cm. |
||
| 650 | 0 | _aKalkulus | |
| 700 | 1 | _aBradley, Gerald L., | |
| 700 | 1 | _aRosen, Kenneth H. | |
| 942 |
_2udc _cBK |
||
| 999 |
_c1353 _d1353 |
||